000 00630nam a2200217Ia 4500
003 OSt
005 20220925215337.0
006 a|||||r|||| 00| 0
007 ta
008 220923b |||||||| |||| 00| 0 eng d
020 _a011 700 8451
037 _cGeneral Book
040 _aRTL
_cRTL
_beng
041 _2eng
_aeng
082 _aX9:75.3.N76, L6
245 0 _aStudy of UK nationalised industries
_b Their role in the economy and control in the future.
260 _aLondon
_bHer Majesty
_c1976
300 _aiv,141p.
_ccm.
942 _hX9:75.3.N76, L6
_cGB
_2CC
999 _c568555
_d568555